Umelecké diela ako dlhodobý hmotný majetok verzus dlhodobý finančný majetok – účtovné a daňové aspekty

Umelecké diela (obrazy, plastiky, sochy, zbierky a iné výtvarné predmety) sú špecifickým druhom majetku, ktorý sa v účtovníctve podnikateľov aj neziskových subjektov objavuje čoraz častejšie. Okrem estetickej a kultúrnej hodnoty plnia v podnikateľskom prostredí aj ekonomickú a reprezentatívnu funkci...

Descripción completa

Guardado en:
Detalles Bibliográficos
Autor principal: Sandtner, Lucia
Formato: Capítulo de libro
Lenguaje:eslovaco
Materias:
Etiquetas: Agregar Etiqueta
Sin Etiquetas, Sea el primero en etiquetar este registro!

MARC

LEADER 00000naa a2200000 4500
001 0313493
005 20251204153113.6
041 0 |a slo 
044 |a SK 
245 1 0 |a Umelecké diela ako dlhodobý hmotný majetok verzus dlhodobý finančný majetok – účtovné a daňové aspekty  |c Lucia Sandtner 
520 |a Umelecké diela (obrazy, plastiky, sochy, zbierky a iné výtvarné predmety) sú špecifickým druhom majetku, ktorý sa v účtovníctve podnikateľov aj neziskových subjektov objavuje čoraz častejšie. Okrem estetickej a kultúrnej hodnoty plnia v podnikateľskom prostredí aj ekonomickú a reprezentatívnu funkciu. Správne účtovné zaradenie umeleckého diela ako dlhodobého hmotného majetku alebo ako dlhodobého finančného majetku je nevyhnutné nielen z dôvodu správneho vykazovania vo finančných výkazoch, ale aj z hľadiska daňového uznania výdavkov. DPH a špecifiká pri kúpe a predaji umeleckých diel. Ocenenie, znalecké posudky a inventarizácia. 
610 2 0 |a účtovníctvo daňové 
610 2 0 |a účtovníctvo podvojné 
610 2 0 |a majetok hmotný 
610 2 0 |a majetok finančný 
610 2 0 |a majetok dlhodobý 
610 2 0 |a umenie 
610 2 0 |a postupy účtovné 
610 2 0 |a zákony 
100 1 |a Sandtner, Lucia